UBT Library

Making space : (Record no. 43379)

000 -LEADER
fixed length control field 00913cam a22002654a 4500
001 - CONTROL NUMBER
control field 12083736
005 - DATE AND TIME OF LATEST TRANSACTION
control field 20180224075914.0
008 - FIXED-LENGTH DATA ELEMENTS--GENERAL INFORMATION
fixed length control field 000628s2001 ctu b 001 0 eng
010 ## - LIBRARY OF CONGRESS CONTROL NUMBER
LC control number 00057928
020 ## - INTERNATIONAL STANDARD BOOK NUMBER
International Standard Book Number 0897896009 (alk. paper)
020 ## - INTERNATIONAL STANDARD BOOK NUMBER
International Standard Book Number 0897896017 (pbk. : alk. paper)
040 ## - CATALOGING SOURCE
Original cataloging agency DLC
Transcribing agency DLC
Modifying agency DLC
041 ## - LANGUAGE CODE
Language code of text/sound track or separate title eng
042 ## - AUTHENTICATION CODE
Authentication code pcc
043 ## - GEOGRAPHIC AREA CODE
Geographic area code n-us---
080 ## - UNIVERSAL DECIMAL CLASSIFICATION NUMBER
Universal Decimal Classification number 374.973
082 00 - DEWEY DECIMAL CLASSIFICATION NUMBER
Classification number 374.973 SHE
Edition number 21
100 ## - Rafti
Rafti 25
101 ## - Shkurtesa
Shkurtesa EDU
245 00 - TITLE STATEMENT
Title Making space :
Statement of responsibility, etc edited by Vanessa Sheared and Peggy A. Sissel ; foreword by Phyllis M. Cunningham
504 ## - BIBLIOGRAPHY, ETC. NOTE
Bibliography, etc Includes bibliographical references and index.
906 ## - LOCAL DATA ELEMENT F, LDF (RLIN)
a 7
b cbc
c orignew
d 1
e ocip
f 20
g y-gencatlg
942 ## - ADDED ENTRY ELEMENTS (KOHA)
Source of classification or shelving scheme
Item type Books
Holdings
Withdrawn status Lost status Source of classification or shelving scheme Damaged status Not for loan Collection code Permanent location Current location Shelving location Date acquired Total Checkouts Full call number Barcode Date last seen Price effective from Koha item type
          Koleksioni i përgjithshem UBT - Lipjan UBT - Lipjan Koleksioni i përgjithshem 02/24/2018   374.973 SHE 002-3000003 02/24/2018 02/24/2018 Books
UBT Library © 2015-2024. All rights reserved University Education for Business and Technology